| 000 | 009890000a22002050004500 | ||
|---|---|---|---|
| 041 | 0 | _aSPA | |
| 082 | 0 | 4 | _aG 266 A8381h |
| 100 | 1 | _aAsp, Marcos | |
| 245 | 1 | 0 | _aHacia el Mundo Entero : siete pasos para transformar a su iglesia en una potencia para la evangelización mundial / Marcos Asp ; ilustraciones de Rob Lawrence |
| 260 | _aMéxico : Árbol de Vida | ||
| 300 | _a129 páginas | ||
| 501 | _arústico | ||
| 505 | 0 | 0 | _aPrefacio --- Capte la visión -- Haga un compromiso -- Investigue la realidad mundial -- Utilice el poder que Dios nos da -- Capacite al personal -- íinvierta! -- Envíe y sostenga misioneros -- Orando por los pueblos más necesitados del mundo -- Recursos informativos para la evangelización -- Hoja de planificación del comité de misiones |
| 650 | 1 | 4 | _aIGLESIA - MISIONES \ EVANGELIZACION \ INTERCESION |
| 001 | 18397 | ||
| 942 | _cBK | ||
| 999 |
_c44837 _d44837 |
||
| 336 |
_atexto _btxt _2rdacontent |
||
| 337 |
_2rdamedia _asin mediación _bn |
||
| 338 |
_2rdacarrier _avolumen _bnc |
||